000
00355nam a2200133Ia 4500
008
151001s9999||||xx |||||||||||||| ||und||
100
_a
बी आर आंबेडकर
245
_a
आंबेडकर कहा था
250
_a
1
260
_b
आरोग्य निधी
260
_c
2009
300
_a
166
365
_b
21
999
_c
994821
_d
994818